000
00318nam a2200133 a 4500
001
4140
005
20140414131909.0
008
090218s19uu xx 00 eng d
050
_a
ER
_b
Ag3 2004
100
_a
Rash, Andy
245
_a
Agent A to Agent Z.
260
_a
New York :
_b
Scholastic ,
_c
2004.
999
_c
111111
_d
111111